000 00914nam a22002297a 4500
003 NALT
005 20260309134944.0
008 s2558 th tha d
020 _a9786161805357
040 _aNALT
041 _atha
050 _aDS 485.H6
_bม155ห 2558
100 0 _aมนทิรา จูฑะพุทธิ
_967444
245 1 0 _aหิมาลัยใช้ใจเดิน /
_cมนทิรา จูฑะพุทธิ เรื่องและภาพ.
250 _aพิมพ์ครั้งที่ 1.
260 _aกรุงเทพฯ :
_bAmarin Travel,
_c2558.
300 _a213 หน้า :
_bภาพประกอบ ;
_c19 ซม.
651 4 _933827
_aหิมาลัย
_xภูมิประเทศและการท่องเที่ยว
850 _aNALT
942 _cGB
_2lcc
996 _asaiphon.d
_bCATSTF
_c2026-03-09
999 _c74762
_d74762
998 _j104
_k นางสาวสายฝน ดีงาม